000 00665nam a2200205 4500
010 _aA-687814
020 _a0803991193
035 _aA-687814
037 _bCen Lib / Ret
040 _aDPL
_bEN
082 _a333.31
_bYUG
245 _aLand reforms in India :
_bBihar -- institutional constraints /
_cedited by B. N. Yugandhar [and] K. Gopal Iyer
260 _aNew Delhi
_bSage Publications
_c1993
270 _a2455 Teller Road
_bNewbury Park , California
300 _av 1.362
_b24cm(Hb)
505 _av 1 Bihar -Institutional Constraiants
700 _aYogandhar, B. N.
700 _aIyer, K. Gopal
942 _2ddc
_cEN
_h333.3154
_mYUG
999 _c136489
_d136489